000 00469nam a22001697a 4500
003 SISC
005 20170711081912.0
008 170711b xxu||||| |||| 00| 0 eng d
050 _aBQ 1
_b.B932 2001
100 _aBukkyo Dendo Kyokai.
245 _aThe teaching of Buddha /
_cBukkyo Dendo Kyokai.
250 _a1074th edition.
260 _aTokyo :
_bKosaido Printing Co., Ltd.,
_c2001.
300 _a609 pages ;
_c18.7 cm.
650 _aBuddhism.
942 _2lcc
_cBK
999 _c339018
_d339018